<?xml version="1.0" encoding="UTF-8"?>
<collection xmlns="http://www.loc.gov/MARC21/slim">
 <record>
  <leader>     na                 </leader>
  <controlfield tag="001">INLIS000000000014202</controlfield>
  <controlfield tag="005">20231016113557</controlfield>
  <datafield tag="035" ind1=" " ind2=" ">
   <subfield code="a">0010-1023000037</subfield>
  </datafield>
  <datafield tag="245" ind1="1" ind2=" ">
   <subfield code="a">LITERASI DAN PENDIDIKAN LITERASI</subfield>
  </datafield>
  <datafield tag="100" ind1="0" ind2=" ">
   <subfield code="a">Dadang S. Anshori</subfield>
  </datafield>
  <datafield tag="250" ind1=" " ind2=" ">
   <subfield code="a">Cet. 1</subfield>
  </datafield>
  <datafield tag="300" ind1=" " ind2=" ">
   <subfield code="a">viii, 192 hlm.; 24 cm.</subfield>
  </datafield>
  <datafield tag="700" ind1="0" ind2=" ">
   <subfield code="a">Vismaia Sabariah Nurbaya</subfield>
  </datafield>
  <datafield tag="260" ind1=" " ind2=" ">
   <subfield code="a">Bandung :</subfield>
   <subfield code="b">Simbiosa Rekatama Media,</subfield>
   <subfield code="c">2021</subfield>
  </datafield>
  <datafield tag="082" ind1=" " ind2=" ">
   <subfield code="a">374.012 4</subfield>
  </datafield>
  <datafield tag="084" ind1=" " ind2=" ">
   <subfield code="a">374.012 4 DAD l</subfield>
  </datafield>
  <datafield tag="020" ind1=" " ind2=" ">
   <subfield code="a">978-623-6625-46-0</subfield>
  </datafield>
  <datafield tag="650" ind1=" " ind2=" ">
   <subfield code="a">Literasi</subfield>
  </datafield>
  <datafield tag="520" ind1=" " ind2=" ">
   <subfield code="a">Secara sederhana, literasi diartikan sebagai proses mencerna informasi melalui aktivitas membaca dan menulis. Pengertian lebih umum dari literasi adalah interaksi individu dengan teks. Literasi dipahami sebagai aksi, dan teks adalah muara dari aksi literasi. Untuk dapat menyelami kedalaman makna yang terkandung dalam lautan teks, kita harus melakukan aksi literasi, yaitu membaca. Dengan demikian, literasi merupakan pelembagaan dari budaya interaksi manusia dengan teks.&#13;
&#13;
   Literasi tidak lagi menjadi kajian eksklusif dalam bidang pendidikan bahasa (applied linguistici. tetapi merupakan keterampilan praktis (practical skills) inklusif yang dibutuhkan di semua bidang keahlian. Literasi dipercaya sebagai alat untuk meningkatkan kapasitas dan kemampuan seseorang dalam menghadapi perubahan. Dengan kompetensi literasi, seseorang dapat mengolah informasi untuk pengembangan karier dan masa depannya.&#13;
&#13;
   Buku ini tidak hanya memberikan pemahaman tentang apa dan bagaimana literasi, tetapi juga&#13;
bagaimana aplikasi literasi dalam konteks global serta tantangan kehidupan. Literasi diharapkan menjadi instrumen bagi capaian individu dalam menyelesaikan masalah hidup, memberikan pengalaman, dan menumbuhkan ekspektasi baru. Dalam buku ini juga, literasi disajikan sebagai aksi atau gerakan budaya yang masif dengan melibatkan isu-isu serta tantangan kontemporer yang dihadapi umat manusia secara global.&#13;
&#13;
   Buku ini akan sangat bermanfaat tidak hanya bagi mahasiswa dan akademisi di bidang pendidikan bahasa, tetapi juga para pendidik serta masyarakat pada umumnya.</subfield>
  </datafield>
  <controlfield tag="008">231016                g          0 ind  </controlfield>
  <datafield tag="990" ind1=" " ind2=" ">
   <subfield code="a">023.2152/PC/2023</subfield>
  </datafield>
  <datafield tag="990" ind1=" " ind2=" ">
   <subfield code="a">023.2153/PC/2023</subfield>
  </datafield>
  <datafield tag="990" ind1=" " ind2=" ">
   <subfield code="a">023.2154/PC/2023</subfield>
  </datafield>
  <datafield tag="990" ind1=" " ind2=" ">
   <subfield code="a">023.2153/PC/2023</subfield>
  </datafield>
  <datafield tag="990" ind1=" " ind2=" ">
   <subfield code="a">023.2152/PC/2023</subfield>
  </datafield>
  <datafield tag="990" ind1=" " ind2=" ">
   <subfield code="a">023.2154/PC/2023</subfield>
  </datafield>
  <datafield tag="990" ind1=" " ind2=" ">
   <subfield code="a">023.2152/PC/2023</subfield>
  </datafield>
  <datafield tag="990" ind1=" " ind2=" ">
   <subfield code="a">023.2153/PC/2023</subfield>
  </datafield>
  <datafield tag="990" ind1=" " ind2=" ">
   <subfield code="a">023.2154/PC/2023</subfield>
  </datafield>
  <datafield tag="990" ind1=" " ind2=" ">
   <subfield code="a">023.2154/PC/2023</subfield>
  </datafield>
  <datafield tag="990" ind1=" " ind2=" ">
   <subfield code="a">023.2152/PC/2023</subfield>
  </datafield>
  <datafield tag="990" ind1=" " ind2=" ">
   <subfield code="a">023.2153/PC/2023</subfield>
  </datafield>
 </record>
</collection>
